Central Library OPAC University of Rajshahi

My days with Uncle Sam / (Record no. 35633)

MARC details
000 -LEADER
fixed length control field 00746nam a2200229Ka 4500
001 - CONTROL NUMBER
control field 35633
003 - CONTROL NUMBER IDENTIFIER
rucl marc code BD-RjUL
005 - DATE AND TIME OF LATEST TRANSACTION
control field 20211209052345.0
008 - FIXED-LENGTH DATA ELEMENTS--GENERAL INFORMATION
fixed length control field 140528s1919 ii o 000 0deng d
035 ## - SYSTEM CONTROL NUMBER
System control number (OCoLC)ocn646936407
System control number (OCoLC)646936407
-- (BD-RjUL)35728
040 ## - CATALOGING SOURCE
Original cataloging agency OCLCE
Language of cataloging eng
Transcribing agency OCLCE
Modifying agency BD-RjUL
041 ## - LANGUAGE CODE
Language code of text/sound track or separate title eng
082 04 - DEWEY DECIMAL CLASSIFICATION NUMBER
Classification number 917.303
Author mark and year DAM 1919
100 1# - MAIN ENTRY--PERSONAL NAME
Personal name Day, Rash Behari.
9 (RLIN) 108487
245 10 - TITLE STATEMENT
Title My days with Uncle Sam /
Statement of responsibility, etc. by Rash Behari Day.
260 ## - PUBLICATION, DISTRIBUTION, ETC. (IMPRINT)
Place of publication, distribution, etc. Italla, Kuti, Tipperah, Bengal, India :
Name of publisher, distributor, etc. Published by the author,
Date of publication, distribution, etc. 1919.
Place of manufacture (Dacca :
Manufacturer S.A. Gunny)
300 ## - PHYSICAL DESCRIPTION
Pagination iv, 256 p. ;
Size 19 cm.
600 10 - SUBJECT ADDED ENTRY--PERSONAL NAME
Personal name Day, Rash Behari
General subdivision Travel.
651 #0 - SUBJECT ADDED ENTRY--GEOGRAPHIC NAME
Geographic name United States
General subdivision Description and travel.
9 (RLIN) 61957
942 ## - ADDED ENTRY ELEMENTS (KOHA)
Source of classification or shelving scheme Dewey Decimal Classification
Koha item type Books
Holdings
Lost status Source of classification or shelving scheme Damaged status Not for loan Collection code Permanent Location Current Location Shelving location Date acquired Total Checkouts Full call number Date last seen Copy number Koha item type
  Dewey Decimal Classification   Not For Loan Non-fiction Central Library, University of Rajshahi Central Library, University of Rajshahi Reading Room 28/05/2014   917.303 DAM 1919 28/05/2014 C-1 Books